<?xml version="1.0" encoding="UTF-8"?>
<record
    xmlns:xsi="http://www.w3.org/2001/XMLSchema-instance"
    xsi:schemaLocation="http://www.loc.gov/MARC21/slim http://www.loc.gov/standards/marcxml/schema/MARC21slim.xsd"
    xmlns="http://www.loc.gov/MARC21/slim">

  <leader>02185njm a2200469Ia 4500</leader>
  <controlfield tag="001">20538</controlfield>
  <controlfield tag="003">IT-RoPAU</controlfield>
  <controlfield tag="005">20220918181123.0</controlfield>
  <controlfield tag="008">131025s9999    xx            000 0 und d</controlfield>
  <datafield tag="040" ind1=" " ind2=" ">
    <subfield code="a">IT-RoPAU</subfield>
  </datafield>
  <datafield tag="040" ind1=" " ind2=" ">
    <subfield code="c">IT-RoPAU</subfield>
  </datafield>
  <datafield tag="041" ind1=" " ind2=" ">
    <subfield code="a">INGLESE</subfield>
  </datafield>
  <datafield tag="999" ind1=" " ind2=" ">
    <subfield code="c">99937</subfield>
    <subfield code="d">99937</subfield>
  </datafield>
  <datafield tag="999" ind1=" " ind2=" ">
    <subfield code="b">n.d.</subfield>
  </datafield>
  <datafield tag="100" ind1=" " ind2=" ">
    <subfield code="a">AA.VV.</subfield>
    <subfield code="9">794</subfield>
  </datafield>
  <datafield tag="100" ind1=" " ind2=" ">
    <subfield code="e">Autore musica</subfield>
    <subfield code="9">2005</subfield>
  </datafield>
  <datafield tag="100" ind1=" " ind2=" ">
    <subfield code="g">Codice autore musica SPICS: 12000</subfield>
    <subfield code="9">796</subfield>
  </datafield>
  <datafield tag="245" ind1=" " ind2=" ">
    <subfield code="a">Discoestate '83 prima manche (disco promozionale)</subfield>
  </datafield>
  <datafield tag="250" ind1=" " ind2=" ">
    <subfield code="a">1a ed.</subfield>
  </datafield>
  <datafield tag="260" ind1=" " ind2=" ">
    <subfield code="a">MILANO</subfield>
  </datafield>
  <datafield tag="260" ind1=" " ind2=" ">
    <subfield code="b">CGD - MESSAGGERIE MUSICALI</subfield>
    <subfield code="c">1983 [1a Ed.:1983 - Ed. Lingua Orig.: 1983]</subfield>
  </datafield>
  <datafield tag="300" ind1=" " ind2=" ">
    <subfield code="a">DISCO</subfield>
  </datafield>
  <datafield tag="300" ind1=" " ind2=" ">
    <subfield code="c">30 minuti (Testo:  pag.)</subfield>
  </datafield>
  <datafield tag="500" ind1=" " ind2=" ">
    <subfield code="a">Musica pop. Disco promozionale.</subfield>
  </datafield>
  <datafield tag="505" ind1=" " ind2=" ">
    <subfield code="a">A Love Affair [(G. Moroder Featuring Joe Esposito) (4:00)] - Cool Places (4:00) - Garden Party (6:00) - Stay On Top (4:00) - Look me in the Eyes (5:00) - Dance With the Saragossa Band-Part VI (7:00)</subfield>
  </datafield>
  <datafield tag="511" ind1=" " ind2=" ">
    <subfield code="a">Giorgio Moroder Featuring Joe Esposito</subfield>
  </datafield>
  <datafield tag="511" ind1=" " ind2=" ">
    <subfield code="a">Sparks</subfield>
  </datafield>
  <datafield tag="511" ind1=" " ind2=" ">
    <subfield code="a">Mezzoforte</subfield>
  </datafield>
  <datafield tag="511" ind1=" " ind2=" ">
    <subfield code="a">Uriah Heep</subfield>
  </datafield>
  <datafield tag="511" ind1=" " ind2=" ">
    <subfield code="a">Roman Grey</subfield>
  </datafield>
  <datafield tag="511" ind1=" " ind2=" ">
    <subfield code="a">Saragossa Band </subfield>
  </datafield>
  <datafield tag="650" ind1=" " ind2=" ">
    <subfield code="a">POP [DISCHI]</subfield>
    <subfield code="e">Codice MATERIA SPICS: 9950</subfield>
    <subfield code="9">1001</subfield>
  </datafield>
  <datafield tag="700" ind1=" " ind2=" ">
    <subfield code="a">Moroder Giorgio</subfield>
    <subfield code="d">Codice autore musica SPICS: 1239</subfield>
    <subfield code="e">Autore musica</subfield>
    <subfield code="p">A Love Affair</subfield>
    <subfield code="9">2006</subfield>
  </datafield>
  <datafield tag="700" ind1=" " ind2=" ">
    <subfield code="a">Forsey Keith</subfield>
    <subfield code="d">Codice autore testo/musica SPICS: 22593</subfield>
    <subfield code="e">Autore testo/musica</subfield>
    <subfield code="p">A Love Affair</subfield>
    <subfield code="9">2007</subfield>
  </datafield>
  <datafield tag="700" ind1=" " ind2=" ">
    <subfield code="a">Mael Russell</subfield>
    <subfield code="d">Codice autore musica SPICS: 23152</subfield>
    <subfield code="e">Autore musica</subfield>
    <subfield code="p">Cool Places</subfield>
    <subfield code="9">2008</subfield>
  </datafield>
  <datafield tag="700" ind1=" " ind2=" ">
    <subfield code="a">Mael Ron</subfield>
    <subfield code="d">Codice autore testo/musica SPICS: 23151</subfield>
    <subfield code="e">Autore testo/musica</subfield>
    <subfield code="p">Cool Places</subfield>
    <subfield code="9">2009</subfield>
  </datafield>
  <datafield tag="700" ind1=" " ind2=" ">
    <subfield code="a">Gunnarsson Eythor</subfield>
    <subfield code="d">Codice autore testo/musica SPICS: 23153</subfield>
    <subfield code="e">Autore testo/musica</subfield>
    <subfield code="p">Garden Party</subfield>
    <subfield code="9">2010</subfield>
  </datafield>
  <datafield tag="700" ind1=" " ind2=" ">
    <subfield code="a">Jackson T.</subfield>
    <subfield code="d">Codice autore testo/musica SPICS: 23154</subfield>
    <subfield code="e">Autore testo/musica</subfield>
    <subfield code="p">Stay On Top</subfield>
    <subfield code="9">2011</subfield>
  </datafield>
  <datafield tag="700" ind1=" " ind2=" ">
    <subfield code="a">Grey D.</subfield>
    <subfield code="d">Codice autore musica SPICS: 13410</subfield>
    <subfield code="e">Autore musica</subfield>
    <subfield code="p">Look me in the Eyes</subfield>
    <subfield code="9">2012</subfield>
  </datafield>
  <datafield tag="700" ind1=" " ind2=" ">
    <subfield code="a">Roman R.</subfield>
    <subfield code="d">Codice autore testo/musica SPICS: 13938</subfield>
    <subfield code="e">Autore testo/musica</subfield>
    <subfield code="p">Look me in the Eyes</subfield>
    <subfield code="9">2013</subfield>
  </datafield>
  <datafield tag="700" ind1=" " ind2=" ">
    <subfield code="a">Ricanek C.</subfield>
    <subfield code="d">Codice autore testo/musica SPICS: 23155</subfield>
    <subfield code="e">Autore testo/musica</subfield>
    <subfield code="p">Dance With the Saragossa Band-Part VI</subfield>
    <subfield code="9">2014</subfield>
  </datafield>
  <datafield tag="942" ind1=" " ind2=" ">
    <subfield code="c">MD</subfield>
    <subfield code="2">ddc</subfield>
  </datafield>
  <datafield tag="952" ind1=" " ind2=" ">
    <subfield code="0">0</subfield>
    <subfield code="1">0</subfield>
    <subfield code="4">0</subfield>
    <subfield code="6">20538_000000000000000</subfield>
    <subfield code="7">1</subfield>
    <subfield code="a">SPICS</subfield>
    <subfield code="b">SPICS</subfield>
    <subfield code="d">2013-10-25</subfield>
    <subfield code="l">0</subfield>
    <subfield code="o">20538</subfield>
    <subfield code="r">2013-10-25 00:00:00</subfield>
    <subfield code="w">2013-10-25</subfield>
    <subfield code="y">MD</subfield>
    <subfield code="z">Progr. Ins.: 3845 / N.Vol.: 1 / Copie: 1 - Copia rara: n.d. / date import: 01.01.2014 - By Epidotti, Trombetti, Vaglietti</subfield>
  </datafield>
</record>
